书目信息 |
| 题名: |
玻璃深加工技术与设备
|
|
| 作者: | 赵金柱 主编 | |
| 分册: | ||
| 出版信息: | 北京 化学工业出版社 2016.3 |
|
| 页数: | 328页 | |
| 开本: | 25cm | |
| 丛书名: | ||
| 单 册: | ||
| 中图分类: | TQ171.6 | |
| 科图分类: | ||
| 主题词: | 玻璃--加工 | |
| 电子资源: | ||
| ISBN: | 978-7-122-14161-3 | |
| 000 | 00739nam0 2200229 450 | |
| 001 | 0400002824 | |
| 005 | 20171021144223.0 | |
| 010 | @a978-7-122-14161-3@dCNY59.00 | |
| 100 | @a20171021d2016 em y0chiy0110 ea | |
| 101 | 0 | @achi |
| 102 | @aCN@b110000 | |
| 105 | @aa z 000yy | |
| 106 | @ar | |
| 200 | 1 | @a玻璃深加工技术与设备@9bo li shen jia gong ji shu yu she bei@f赵金柱主编 |
| 210 | @a北京@c化学工业出版社@d2016.3 | |
| 215 | @a328页@c图@d25cm | |
| 330 | @a本书内容包括:玻璃的基础知识、玻璃深加工预处理工艺及设备、玻璃的热弯与钢化、玻璃的镀膜、夹层玻璃、中空玻璃等。 | |
| 606 | 0 | @a玻璃@x加工 |
| 690 | @aTQ171.6@v5 | |
| 701 | 0 | @a赵金柱@9zhao jin zhu@4主编 |
| 801 | 0 | @aCN@b91MARC@c20171021 |
| 905 | @b1035106-10@dTQ171.6@f5@e64 | |
| 玻璃深加工技术与设备/赵金柱主编.-北京:化学工业出版社,2016.3 |
| 328页:图;25cm |
| ISBN 978-7-122-14161-3:CNY59.00 |
| 本书内容包括:玻璃的基础知识、玻璃深加工预处理工艺及设备、玻璃的热弯与钢化、玻璃的镀膜、夹层玻璃、中空玻璃等。 |
| ● |
| 相关链接 |
|
|
|
|
正题名:玻璃深加工技术与设备
索取号:TQ171.6/64
 
预约/预借
| 序号 | 登录号 | 条形码 | 馆藏地/架位号 | 状态 | 备注 |
| 1 | 1035106 | 210351064 | 第二样本阅览室/ [索取号:TQ171.6/64] | 在馆 | |
| 2 | 1035107 | 210351073 | 密集书库-化学系/ [索取号:TQ171.6/64] | 在馆 | |
| 3 | 1035108 | 210351082 | 第三借阅区/ [索取号:TQ171.6/64] | 在馆 | |
| 4 | 1035109 | 210351091 | 第三借阅区/ [索取号:TQ171.6/64] | 在馆 | |
| 5 | 1035110 | 210351108 | 第三借阅区/ [索取号:TQ171.6/64] | 在馆 |